Family code of the Philippines : (Record no. 98812)

MARC details
000 -LEADER
fixed length control field 00676nam a22002057a 4500
003 - CONTROL NUMBER IDENTIFIER
control field URS
005 - DATE AND TIME OF LATEST TRANSACTION
control field 20260330111331.0
008 - FIXED-LENGTH DATA ELEMENTS--GENERAL INFORMATION
fixed length control field 260224b |||||||| |||| 00| 0 eng d
020 ## - INTERNATIONAL STANDARD BOOK NUMBER
International Standard Book Number 9786210224160
040 ## - CATALOGING SOURCE
Transcribing agency URS
050 ## - LIBRARY OF CONGRESS CALL NUMBER
Classification number KPM 534.31
Item number .Al134 2024
100 ## - MAIN ENTRY--PERSONAL NAME
Personal name Albano, Ed Vincent A. III.
245 ## - TITLE STATEMENT
Title Family code of the Philippines :
Remainder of title comments and jurisprudence /
Statement of responsibility, etc Atty. Ed Vincent A. Albano III, Judge Ed Vincent S. Albano.
250 ## - EDITION STATEMENT
Edition statement 2024 Edition.--
264 ## - PUBLICATION, DISTRIBUTION, ETC. (IMPRINT)
Place of publication, distribution, etc Quezon City :
Name of publisher, distributor, etc Central Book Supply, Inc.,
Date of publication, distribution, etc ©2024.
300 ## - PHYSICAL DESCRIPTION
Extent 919 pages ;
Dimensions 24 cm.
650 ## - SUBJECT ADDED ENTRY--TOPICAL TERM
Topical term or geographic name as entry element Domestic relations
Geographic subdivision Philippines.
700 ## - ADDED ENTRY--PERSONAL NAME
Personal name Albano, Ed Vincent S.
942 ## - ADDED ENTRY ELEMENTS (KOHA)
Source of classification or shelving scheme Library of Congress Classification
Koha item type Filipiniana
Holdings
Withdrawn status Lost status Source of classification or shelving scheme Damaged status Not for loan Collection code Home library Current library Shelving location Date acquired Source of acquisition Total Checkouts Full call number Barcode Date last seen Copy number Price effective from Koha item type
    Library of Congress Classification     Non-fiction Antipolo College Library Antipolo College Library Filipiniana Section 10/23/2025 Purchased   KPM 534.31 .Al134 2024 URSANT-06323 02/24/2026 1 02/24/2026 Filipiniana

University of Rizal System
Email us at univlibservices@urs.edu.ph

Visit our Website www.urs.edu.ph/library